Why Did I Ever Get Married?/ (Record no. 216167)

MARC details
000 -LEADER
fixed length control field 00595nam a22001937a 4500
005 - DATE AND TIME OF LATEST TRANSACTION
control field 20260514111719.0
010 ## - LCCN (DPL NO)
LC control number ENG-148484
020 ## - INTERNATIONAL STANDARD BOOK NUMBER
International Standard Book Number 9789393757920
Terms of availability 250.00
035 ## - SYSTEM CONTROL NUMBER
System control number EN-132016
037 ## - SOURCE OF ACQUISITION
Source of stock number/acquisition DBAD
082 ## - DEWEY DECIMAL CLASSIFICATION NUMBER
Classification number S
100 ## - MAIN ENTRY--PERSONAL NAME
Personal name Sharma, Amrita
245 ## - TITLE STATEMENT
Title Why Did I Ever Get Married?/
Statement of responsibility, etc Amrita Sharma,
250 ## - EDITION STATEMENT
Edition statement 1
260 ## - PUBLICATION, DISTRIBUTION, ETC. (IMPRINT)
Name of publisher, distributor, etc Vishwakarma Publications
Date of publication, distribution, etc 2023
Place of publication, distribution, etc Maharashtra
270 ## - ADDRESS
Address 34A/1, Suyog Center, 7th floor, Gultekedi Marketyard Road, Giridhar Bhavan Chowk,
Postal code 411037
City Pune
Electronic mail address info@vpindia.co.in
300 ## - PHYSICAL DESCRIPTION
Extent 167p.
Dimensions 21cm (pb)
942 ## - ADDED ENTRY ELEMENTS (KOHA)
Source of classification or shelving scheme Dewey Decimal Classification
Item type English Books
Classification part S
Call number suffix SHA
Holdings
Withdrawn status Lost status Not for loan Collection code Home library Current library Date acquired Source of acquisition Cost, normal purchase price Full call number Barcode Copy number Cost, replacement price Koha item type
      Fiction Kasturba Gandhi Marg Kasturba Gandhi Marg 14/05/2026 Delivery of Books Act Division 250.00 S SHA EN-132016 1 250.00 English Books

© Delhi Public Library
Hit Counter
free hit counter